<?xml version="1.0" encoding="UTF-8"?><?xml-stylesheet type="text/xsl" href="static/style.xsl"?><OAI-PMH xmlns="http://www.openarchives.org/OAI/2.0/" xmlns:xsi="http://www.w3.org/2001/XMLSchema-instance" xsi:schemaLocation="http://www.openarchives.org/OAI/2.0/ http://www.openarchives.org/OAI/2.0/OAI-PMH.xsd"><responseDate>2026-04-17T06:41:13Z</responseDate><request verb="GetRecord" identifier="oai:www.recercat.cat:2072/442750" metadataPrefix="marc">https://recercat.cat/oai/request</request><GetRecord><record><header><identifier>oai:recercat.cat:2072/442750</identifier><datestamp>2024-10-31T05:34:30Z</datestamp><setSpec>com_2072_98</setSpec><setSpec>col_2072_378192</setSpec></header><metadata><record xmlns="http://www.loc.gov/MARC21/slim" xmlns:dcterms="http://purl.org/dc/terms/" xmlns:xsi="http://www.w3.org/2001/XMLSchema-instance" xmlns:doc="http://www.lyncode.com/xoai" xsi:schemaLocation="http://www.loc.gov/MARC21/slim http://www.loc.gov/standards/marcxml/schema/MARC21slim.xsd">
   <leader>00925njm 22002777a 4500</leader>
   <datafield ind2=" " ind1=" " tag="042">
      <subfield code="a">dc</subfield>
   </datafield>
   <datafield ind2=" " ind1=" " tag="720">
      <subfield code="a">Gumiel Molina, Silvia</subfield>
      <subfield code="e">author</subfield>
   </datafield>
   <datafield ind2=" " ind1=" " tag="260">
      <subfield code="c">2020</subfield>
   </datafield>
   <datafield ind2=" " ind1=" " tag="520">
      <subfield code="a">La enseñanza de la gramática del español como lengua materna en secundaria ha sufrido algunos cambios con motivo de las diferentes leyes educativas. Todas ellas comparten, sin embargo, un análisis funcional para el estudio de la gramática que se limita a la identificación de funciones gramaticales. En este artículo tratamos un grupo de sintagmas que producen problemas bajo esta perspectiva: los complementos locativos. A partir de una reflexión sobre cómo han de ser analizados estos complementos proponemos un conjunto de actividades que creemos que contribuyen a desarrollar en los estudiantes la capacidad de reflexión sobre la lengua, así como a incentivar el estudio de la gramática en estas etapas.</subfield>
   </datafield>
   <datafield ind2=" " ind1=" " tag="520">
      <subfield code="a">L'ensenyament de la gramàtica de l'espanyol com a llengua materna a secundària ha experimentat alguns canvis amb motiu de les diferents lleis educatives. Totes elles comparteixen, però, una anàlisi funcional per a l'estudi de la gramàtica que es limita a la identificació de funcions gramaticals. En aquest article tractem un grup de sintagmes que produeixen problemes sota aquesta perspectiva: els complements locatius. A partir d'una reflexió sobre com han de ser analitzats aquests complements, proposem un conjunt d'activitats que creiem que contribueixen a desenvolupar en els estudiants la capacitat de reflexió sobre la llengua, així com a incentivar l'estudi de la gramàtica en aquestes etapes.</subfield>
   </datafield>
   <datafield ind2=" " ind1=" " tag="520">
      <subfield code="a">The teaching of grammar in secondary school has undergone several changes because of the existence of several educational laws in the last 40 years. All of them propose a functional analysis that deals only with the identification of several grammatical functions. Our proposal in this paper is dealing with a group of phrases that constitutes a problem under this perspective: locative complements. We propose first a reflection about how this complements must be analysing on the basis of their syntactic behaviour; second, we offer a set of activities that develop in the students the ability of reflection about language.</subfield>
   </datafield>
   <datafield tag="653" ind2=" " ind1=" ">
      <subfield code="a">Locativos</subfield>
   </datafield>
   <datafield tag="653" ind2=" " ind1=" ">
      <subfield code="a">Argumento</subfield>
   </datafield>
   <datafield tag="653" ind2=" " ind1=" ">
      <subfield code="a">Adjunto</subfield>
   </datafield>
   <datafield tag="653" ind2=" " ind1=" ">
      <subfield code="a">Gramática</subfield>
   </datafield>
   <datafield tag="653" ind2=" " ind1=" ">
      <subfield code="a">Enseñanza secundaria</subfield>
   </datafield>
   <datafield tag="653" ind2=" " ind1=" ">
      <subfield code="a">Ensenyament de la gramàtica</subfield>
   </datafield>
   <datafield tag="653" ind2=" " ind1=" ">
      <subfield code="a">Ensenyament secundari</subfield>
   </datafield>
   <datafield tag="653" ind2=" " ind1=" ">
      <subfield code="a">Locatius</subfield>
   </datafield>
   <datafield tag="653" ind2=" " ind1=" ">
      <subfield code="a">Argument</subfield>
   </datafield>
   <datafield tag="653" ind2=" " ind1=" ">
      <subfield code="a">Adjunt</subfield>
   </datafield>
   <datafield tag="653" ind2=" " ind1=" ">
      <subfield code="a">Predicat</subfield>
   </datafield>
   <datafield tag="653" ind2=" " ind1=" ">
      <subfield code="a">Teaching of grammar</subfield>
   </datafield>
   <datafield tag="653" ind2=" " ind1=" ">
      <subfield code="a">Secondary school</subfield>
   </datafield>
   <datafield tag="653" ind2=" " ind1=" ">
      <subfield code="a">Locatives</subfield>
   </datafield>
   <datafield tag="653" ind2=" " ind1=" ">
      <subfield code="a">Argument</subfield>
   </datafield>
   <datafield tag="653" ind2=" " ind1=" ">
      <subfield code="a">Adjunt</subfield>
   </datafield>
   <datafield tag="653" ind2=" " ind1=" ">
      <subfield code="a">Predicate</subfield>
   </datafield>
   <datafield ind2="0" ind1="0" tag="245">
      <subfield code="a">Dónde ponemos los locativos</subfield>
   </datafield>
</record></metadata></record></GetRecord></OAI-PMH>